000 00235nam a22001097a 4500
082 _a808.3 BLY'G
100 _aBLYTON, ENID
_911689
245 _aTHE GREEN STORY BOOK
260 _aLONDON
_bMETHEW
_c1956
300 _a150P
942 _cBK
999 _c568032
_d568032